[Event "Rated Blitz game"]
[Site "?"]
[Date "2021.11.26"]
[Round "?"]
[White "battle_tour"]
[Black "Fantastic_power06"]
[Result "0-1"]
[WhiteElo "2647"]
[BlackElo "2808"]
[PlyCount "114"]
[EventDate "2021.??.??"]
[EventType "blitz"]

1. e4 e5 2. Nf3 d5 3. exd5 e4 4. Qe2 Nf6 5. d3 Qxd5 6. Nbd2 Nc6 7. dxe4 Qc5 8.
c3 Be6 9. Qb5 Ng4 10. Qe2 O-O-O 11. Nb3 Qh5 12. h3 Bxb3 13. axb3 Bc5 14. hxg4
Qxh1 15. b4 Bb6 16. b5 Na5 17. Ra3 Rd7 18. b4 Rhd8 19. Bd2 h5 20. g5 h4 21.
bxa5 Bc5 22. b6 a6 23. Rb3 h3 24. gxh3 Rd3 25. bxc7 R8d6 26. Nd4 R6xd4 27. Qg4+
Rd7 28. Rb2 Qh2 29. Bxd3 Qxf2+ 30. Kd1 Qg1+ 31. Kc2 Qxg4 32. hxg4 Kxc7 33. e5
Rd8 34. Bf4 b5 35. axb6+ Kb7 36. e6 Bxb6 37. Be4+ Ka7 38. exf7 g6 39. Bxg6 Rf8
40. Bd6 Rh8 41. f8=Q Rxf8 42. Kb3 Bc7 43. Bxf8 Kb6 44. Bc5+ Kc6 45. Kc4 a5 46.
Be4+ Kd7 47. Bd5 Kc8 48. Re2 Bd8 49. Re3 Bc7 50. Re4 a4 51. Re6 Bd8 52. Rc6+
Bc7 53. Rxc7+ Kxc7 54. Bd6+ Kc8 55. Be6+ Kb7 56. Bf5 Ka6 57. Be4 a3 {Time
forfeit} 0-1

[Event "Rated Blitz game"]
[Site "?"]
[Date "2021.11.26"]
[Round "?"]
[White "jujujujujujuju1234"]
[Black "Pashkomarku"]
[Result "1-0"]
[WhiteElo "2468"]
[BlackElo "2311"]
[PlyCount "73"]
[EventDate "2021.??.??"]
[EventType "blitz"]

1. e4 e5 2. Nf3 d5 3. Nxe5 Qe7 4. d4 f6 5. Nf3 dxe4 6. Ng1 Bf5 7. Be3 Nd7 8. c4
O-O-O 9. Nc3 Ne5 10. Qb3 Nd3+ 11. Bxd3 exd3 12. O-O-O Qb4 13. Nf3 Qxb3 14. axb3
Nh6 15. h3 Bg6 16. Kd2 Nf5 17. Ra1 a6 18. g4 Nd6 19. Nh4 Ne4+ 20. Nxe4 Bxe4 21.
f3 Bb4+ 22. Kd1 Bg6 23. Ng2 h5 24. Nf4 Rhe8 25. Bd2 Bxd2 26. Kxd2 Bh7 27. Rae1
Rxe1 28. Rxe1 Rxd4 29. Nxh5 Bg6 30. Nxg7 Rf4 31. Re3 Kd7 32. Ne6 Rxf3 33. Nf8+
Kd6 34. Rxf3 Be4 35. Rxf6+ Ke7 36. Re6+ Kxf8 37. Rxe4 {Normal} 1-0

[Event "Rated Blitz game"]
[Site "?"]
[Date "2021.11.26"]
[Round "?"]
[White "jomarag"]
[Black "RiskyBlitzer"]
[Result "0-1"]
[WhiteElo "2543"]
[BlackElo "2503"]
[PlyCount "44"]
[EventDate "2021.??.??"]
[EventType "blitz"]

1. e4 e5 2. Nf3 d5 3. Nxe5 dxe4 4. Nc3 Bd6 5. Nxf7 Kxf7 6. Nxe4 Qe7 7. d3 Nf6
8. Be2 Nxe4 9. dxe4 Qxe4 10. O-O Rf8 11. Bf3 Qe5 12. Bd5+ Be6 13. Bxe6+ Qxe6
14. Re1 Qf5 15. Qd4 Kg8 16. b3 Nc6 17. Qd2 Rad8 18. Qe2 Nd4 19. Qc4+ Kh8 20.
Bb2 Qxf2+ 21. Kh1 Qh4 22. h3 Qg3 {Normal} 0-1

[Event "Rated Blitz game"]
[Site "?"]
[Date "2021.11.26"]
[Round "?"]
[White "Genialny_zolw"]
[Black "mirekkk14"]
[Result "0-1"]
[WhiteElo "2392"]
[BlackElo "2402"]
[PlyCount "53"]
[EventDate "2021.??.??"]
[EventType "blitz"]

1. e4 e5 2. Nf3 d5 3. exd5 e4 4. Qe2 Nf6 5. d3 Qxd5 6. Nbd2 Qa5 7. dxe4 a6 8.
c3 Be6 9. Nc4 Qc5 10. e5 Nd5 11. Ne3 Nc6 12. Nxd5 Qxd5 13. Bf4 O-O-O 14. b3 Bc5
15. b4 Nxb4 16. cxb4 Bxb4+ 17. Bd2 Bxd2+ 18. Qxd2 Qe4+ 19. Qe3 Qb4+ 20. Nd2 Rd5
21. Be2 Rhd8 22. Rd1 Kb8 23. a3 Qa5 24. Bc4 Rxe5 25. Bxe6 Rxe3+ 26. fxe3 fxe6
27. O-O {Normal} 0-1

[Event "Rated Blitz game"]
[Site "?"]
[Date "2021.11.26"]
[Round "?"]
[White "sosforlove"]
[Black "bobbybaer"]
[Result "1-0"]
[WhiteElo "2435"]
[BlackElo "2335"]
[PlyCount "39"]
[EventDate "2021.??.??"]
[EventType "blitz"]

1. e4 e5 2. Nf3 d5 3. exd5 e4 4. Nd4 Qxd5 5. Nb3 Nf6 6. Nc3 Qf5 7. d3 Bb4 8.
Bd2 O-O 9. Be2 exd3 10. cxd3 Re8 11. O-O Nc6 12. Rc1 Bd6 13. Ne4 Nxe4 14. dxe4
Qxe4 15. Bf3 Qe5 16. g3 Bh3 17. Re1 Qxb2 18. Bc3 Qxa2 19. Be4 Bc5 20. Nxc5 {
Normal} 1-0

[Event "Rated Blitz game"]
[Site "?"]
[Date "2021.11.26"]
[Round "?"]
[White "jeromeovich"]
[Black "CT-Rex1234"]
[Result "1/2-1/2"]
[WhiteElo "2667"]
[BlackElo "2672"]
[PlyCount "98"]
[EventDate "2021.??.??"]
[EventType "blitz"]

1. e4 e5 2. Nf3 d5 3. Nxe5 Bd6 4. d4 dxe4 5. Bc4 Bxe5 6. dxe5 Qxd1+ 7. Kxd1 Nc6
8. Nc3 Bf5 9. Bf4 O-O-O+ 10. Kc1 Nge7 11. Bxf7 Rhf8 12. e6 Nd4 13. Bg5 Ndc6 14.
Re1 h6 15. Bh4 g5 16. Bg3 Rd4 17. Nb5 Rc4 18. c3 Nb4 19. Re3 a6 20. Nd4 Bh7 21.
a3 Nd3+ 22. Kc2 Nd5 23. e7 Rxc3+ 24. bxc3 Nxe7 25. Be6+ Kb8 26. Rb1 Ng6 27.
Rxe4 Nge5 28. f3 Ka8 29. a4 g4 30. Bxe5 Nxe5 31. Bd5 gxf3 32. Bxb7+ Ka7 33.
gxf3 c5 34. Nc6+ Nxc6 35. Bxc6 Bxe4+ 36. Bxe4 Rf7 37. a5 h5 38. Rb6 Re7 39. h3
h4 40. Kd3 Rd7+ 41. Kc4 Re7 42. Kxc5 Rc7+ 43. Rc6 Re7 44. Rb6 Rc7+ 45. Kb4 Rc8
46. Rb7+ Ka8 47. Rb6+ Ka7 48. Rb7+ Ka8 49. Rb6+ Ka7 {Normal} 1/2-1/2

[Event "Rated Blitz game"]
[Site "?"]
[Date "2021.11.26"]
[Round "?"]
[White "safyahmad1265"]
[Black "Annali-annaliew1979"]
[Result "1/2-1/2"]
[WhiteElo "2454"]
[BlackElo "2423"]
[PlyCount "100"]
[EventDate "2021.??.??"]
[EventType "blitz"]

1. e4 e5 2. Nf3 d5 3. exd5 e4 4. Qe2 f5 5. d3 Nf6 6. dxe4 fxe4 7. Nc3 Be7 8.
Nxe4 Nxe4 9. Qxe4 O-O 10. Bd3 Bf5 11. Qc4 Bxd3 12. Qxd3 Nd7 13. O-O Bd6 14. Bg5
Qe8 15. Bh4 Nc5 16. Qc4 a5 17. a4 Qh5 18. Bg3 Rae8 19. Rae1 b6 20. c3 Qg6 21.
Nd4 Re4 22. Rxe4 Qxe4 23. b3 h5 24. Bxd6 cxd6 25. h3 Rf4 26. Qb5 Qxd5 27. Qxb6
Ne4 28. Nb5 Qxb3 29. Qxa5 Nxf2 30. Qa8+ Kh7 31. Nxd6 Qxc3 32. Qd5 Qe3 33. Qxh5+
Kg8 34. Qe8+ Qxe8 35. Nxe8 Re4 36. Rxf2 Rxe8 37. a5 Ra8 38. Ra2 Kf7 39. a6 Ke6
40. a7 Kd5 41. Kf2 Ke4 42. Kg3 Kf5 43. Kh4 g5+ 44. Kg3 Kf6 45. Ra5 g4 46. Kxg4
Kg6 47. Kf3 Kh6 48. Kg4 Kg6 49. Kh4 Kh6 50. Kg4 Kg6 {Normal} 1/2-1/2

[Event "Rated Blitz tournament dnkh9oPc"]
[Site "?"]
[Date "2021.11.26"]
[Round "?"]
[White "aseng_santoso"]
[Black "David_BBC"]
[Result "0-1"]
[WhiteElo "2296"]
[BlackElo "2459"]
[PlyCount "118"]
[EventDate "2021.??.??"]
[EventType "blitz"]

1. e4 e5 2. Nf3 d5 3. Nxe5 Bd6 4. d4 dxe4 5. Bc4 Bxe5 6. dxe5 Qxd1+ 7. Kxd1 Nc6
8. Bf4 Bg4+ 9. Kc1 Nge7 10. h3 Bd7 11. Nc3 Ng6 12. Be3 Ngxe5 13. Bd5 f5 14. f4
exf3 15. gxf3 O-O-O 16. f4 Ng6 17. b3 Rhe8 18. Bd2 Nge7 19. Bf7 Rf8 20. Bc4 Ng8
21. Kb2 Nf6 22. Rhg1 g6 23. a4 Rde8 24. Rae1 a6 25. Rxe8+ Rxe8 26. Re1 Rxe1 27.
Bxe1 Nd8 28. Bh4 Nh5 29. Bg5 Be6 30. Nd5 Kd7 31. Nf6+ Nxf6 32. Bxf6 Bxc4 33.
bxc4 Ne6 34. Be5 g5 35. fxg5 Nxg5 36. h4 Nf3 37. Bg3 f4 38. Bf2 Nd2 39. c5 Ne4
40. Bd4 f3 41. Kc1 f2 42. Bxf2 Nxf2 43. Kd2 Ne4+ 44. Ke3 Nxc5 45. a5 b6 46. Kd4
Kc6 47. Ke5 bxa5 48. Kf6 a4 49. Kg7 h5 50. Kh7 a3 51. Kh6 a2 52. Kxh5 a1=Q 53.
Kg6 Qh8 54. h5 a5 55. h6 a4 56. h7 a3 57. c3 a2 58. Kf5 a1=Q 59. Kf4 Qaxc3 {
Normal} 0-1

[Event "Rated Blitz game"]
[Site "?"]
[Date "2021.11.26"]
[Round "?"]
[White "Habedere"]
[Black "Mrkool1_2020"]
[Result "0-1"]
[WhiteElo "2403"]
[BlackElo "2337"]
[PlyCount "118"]
[EventDate "2021.??.??"]
[EventType "blitz"]

1. e4 e5 2. Nf3 d5 3. d3 Nc6 4. exd5 Qxd5 5. Nc3 Bb4 6. Bd2 Qd8 7. g3 Nge7 8.
Bg2 O-O 9. Ne4 Bxd2+ 10. Qxd2 f5 11. Nc3 Be6 12. O-O h6 13. Rfe1 Ng6 14. d4 e4
15. d5 exf3 16. Rxe6 fxg2 17. Rxg6 Ne5 18. Qxh6 Nxg6 19. Qxg6 Rf6 20. Qh5 c6
21. Rd1 Qc7 22. Kxg2 Rd8 23. Qf3 f4 24. Ne4 Rf5 25. d6 Qf7 26. Qb3 f3+ 27. Kf1
Rd5 28. Rxd5 Qxd5 29. Qxd5+ cxd5 30. Ng5 Rxd6 31. Nxf3 Ra6 32. a3 Rb6 33. b3
Rc6 34. Nd4 Rc5 35. a4 a6 36. Ke2 b5 37. axb5 axb5 38. Kd3 b4 39. f4 Kf7 40. f5
Kf6 41. g4 Ke5 42. Nf3+ Kf4 43. Kd4 Rxc2 44. Ne5 Rd2+ 45. Nd3+ Kxg4 46. Ke3 Rc2
47. Nxb4 Rc3+ 48. Kd4 Rxb3 49. Nxd5 Kxf5 50. Ne3+ Kf4 51. Nd5+ Kf3 52. Ke5 Rb5
53. Ke6 Kg4 54. Ne7 Kh3 55. Kf7 g5 56. Kg6 Kxh2 57. Nf5 g4 58. Kg5 g3 59. Kf4
g2 {Time forfeit} 0-1

[Event "Rated Blitz game"]
[Site "?"]
[Date "2021.11.26"]
[Round "?"]
[White "erfan-eahsan"]
[Black "Tamrik2"]
[Result "1/2-1/2"]
[WhiteElo "2300"]
[BlackElo "2464"]
[PlyCount "147"]
[EventDate "2021.??.??"]
[EventType "blitz"]

1. e4 e5 2. Nf3 d5 3. Nxe5 dxe4 4. d4 Nf6 5. Bc4 Nd5 6. O-O Nc6 7. Nc3 Be6 8.
Nxc6 bxc6 9. Nxe4 Be7 10. Bd3 O-O 11. a3 f5 12. Ng3 g6 13. Qe2 Bf7 14. c3 Bf6
15. Bh6 Re8 16. Qf3 Qd7 17. Rfe1 Rxe1+ 18. Rxe1 Re8 19. Rxe8+ Qxe8 20. Qe2 Qd7
21. Nf1 Qd6 22. g3 Be6 23. Nd2 Kf7 24. Nc4 Qe7 25. Ne5+ Bxe5 26. Qxe5 Qf6 27.
Qxf6+ Kxf6 28. h4 Nb6 29. Bg5+ Kf7 30. Kf1 Nc4 31. Bxc4 Bxc4+ 32. Ke1 Ke6 33.
Kd2 a5 34. b4 a4 35. Ke3 Bb3 36. Bf4 Bc4 37. Bxc7 h5 38. Kf4 Bd5 39. Kg5 Kf7
40. Bd8 Bc4 41. Kf4 Ke6 42. f3 Be2 43. Ke3 Bc4 44. Bc7 Kf7 45. Bd6 Ke6 46. Bc5
Kf7 47. Kf4 Ke6 48. Kg5 Kf7 49. g4 fxg4 50. fxg4 hxg4 51. Kxg4 Ke6 52. Kg5 Kf7
53. Bd6 Bd5 54. Be5 Bc4 55. h5 gxh5 56. Kxh5 Ke6 57. Kg5 Kd5 58. Kf4 Bb5 59.
Bg7 Bc4 60. Kf5 Bb5 61. Kf6 Bc4 62. Ke7 Bb3 63. Kd7 Bc4 64. Kc7 Bb5 65. Kb6 Kc4
66. Be5 Kd5 67. Ka5 Kc4 68. Bf6 Kd5 69. Kb6 Kc4 70. Ka5 Kd5 71. Bh8 Kc4 72. Bg7
Kd5 73. Bh8 Kc4 74. Bf6 {Normal} 1/2-1/2

[Event "Rated Blitz game"]
[Site "?"]
[Date "2021.11.26"]
[Round "?"]
[White "ChessNoob001"]
[Black "Taabling"]
[Result "1-0"]
[WhiteElo "2335"]
[BlackElo "2488"]
[PlyCount "79"]
[EventDate "2021.??.??"]
[EventType "blitz"]

1. e4 e5 2. Nf3 d5 3. exd5 Bd6 4. c4 Nf6 5. d3 O-O 6. Be2 c6 7. Nc3 h6 8. O-O
cxd5 9. cxd5 Bf5 10. Qb3 Nbd7 11. Qxb7 Nc5 12. Qc6 Rc8 13. Qb5 a6 14. Qc4 Nxd3
15. Qxa6 Nb4 16. Qa4 Nbxd5 17. Nxd5 Nxd5 18. Bd2 Rc2 19. Qb3 Nf4 20. Bxf4 exf4
21. Nd4 Rxe2 22. Nxe2 Qf6 23. Rad1 Be5 24. Nc3 f3 25. g3 Rb8 26. Nd5 Qg5 27.
Qxf3 Bg4 28. Qe3 Bxd1 29. f4 Qh5 30. Qxe5 Qh3 31. Qxb8+ Kh7 32. Rxd1 Qe6 33.
Qe5 Qa6 34. Qe4+ g6 35. Nc3 Qb6+ 36. Qd4 Qxb2 37. Re1 h5 38. h3 h4 39. gxh4 Qb7
40. Re8 {Time forfeit} 1-0

[Event "Rated Blitz game"]
[Site "?"]
[Date "2021.11.26"]
[Round "?"]
[White "blunder_ata"]
[Black "Annali-annaliew1979"]
[Result "1-0"]
[WhiteElo "2525"]
[BlackElo "2477"]
[PlyCount "125"]
[EventDate "2021.??.??"]
[EventType "blitz"]

1. e4 e5 2. Nf3 d5 3. d3 dxe4 4. dxe4 Qxd1+ 5. Kxd1 Bg4 6. Be2 Nc6 7. c3 Bc5 8.
Ke1 f6 9. Nbd2 Nge7 10. Nf1 O-O-O 11. Be3 Bb6 12. Bxb6 axb6 13. Ne3 Bh5 14. h3
Bg6 15. Nd2 f5 16. exf5 Nxf5 17. Bg4 Rhf8 18. Nf3 Rde8 19. Nh4 Nce7 20. Nhxf5
Nxf5 21. h4 h5 22. Nxf5 Bxf5 23. Bxh5 g6 24. Be2 e4 25. Kd2 e3+ 26. fxe3 Rd8+
27. Ke1 Rde8 28. g4 Bd7 29. Rf1 Rh8 30. h5 gxh5 31. gxh5 Rxe3 32. Kd2 Rh3 33.
Rh1 Rg3 34. Rh2 Bc6 35. h6 Rh7 36. Rf1 Kb8 37. Rf8+ Ka7 38. Rd8 Be4 39. Bd3
Bxd3 40. Rxd3 Rg6 41. Rdh3 b5 42. Kc2 Kb6 43. Kb3 c5 44. a3 Ka5 45. Rh5 c4+ 46.
Ka2 Ka4 47. R2h4 Rg2 48. Rh2 Rg6 49. R2h3 b6 50. Rh2 Ka5 51. R5h3 Ka4 52. Rh4
Rg5 53. b3+ Ka5 54. bxc4 bxc4 55. Rxc4 Rg6 56. Rch4 b5 57. Kb3 Rg1 58. Rh5 Rb1+
59. Ka2 Rg1 60. c4 Ka4 61. cxb5 Rg4 62. b6 Rg6 63. R2h4+ {Normal} 1-0

[Event "Rated Blitz game"]
[Site "?"]
[Date "2021.11.26"]
[Round "?"]
[White "Ragnah"]
[Black "CzechProphylaxis"]
[Result "0-1"]
[WhiteElo "2268"]
[BlackElo "2403"]
[PlyCount "40"]
[EventDate "2021.??.??"]
[EventType "blitz"]

1. e4 e5 2. Nf3 d5 3. exd5 Bd6 4. d3 Nf6 5. c4 c6 6. dxc6 Nxc6 7. Nc3 h6 8. Be3
O-O 9. Be2 Re8 10. O-O Bf5 11. a3 Ng4 12. Qc2 Nxe3 13. fxe3 Bc5 14. Nd5 Ne7 15.
b4 Nxd5 16. bxc5 Nxe3 17. Qc3 Nxf1 18. Rxf1 Qc7 19. Nd2 Qxc5+ 20. Kh1 Qe3 {
Normal} 0-1

[Event "Rated Blitz game"]
[Site "?"]
[Date "2021.11.26"]
[Round "?"]
[White "Pescaderocalvo"]
[Black "mirekkk14"]
[Result "1-0"]
[WhiteElo "2541"]
[BlackElo "2410"]
[PlyCount "105"]
[EventDate "2021.??.??"]
[EventType "blitz"]

1. e4 e5 2. Nf3 d5 3. exd5 e4 4. Qe2 Nf6 5. d3 Qxd5 6. dxe4 Qxe4 7. Qxe4+ Nxe4
8. Bd3 Nc5 9. Bb5+ c6 10. Bc4 Be6 11. Bxe6 Nxe6 12. O-O Bc5 13. Nc3 Nd7 14. Ne4
Be7 15. Re1 Nf6 16. Neg5 Nxg5 17. Bxg5 Kf8 18. Rad1 Nd5 19. c4 Bxg5 20. cxd5
Bf6 21. dxc6 bxc6 22. b3 a5 23. Rd7 g6 24. Rc1 Ra6 25. Rc7 Kg7 26. R1xc6 Rxc6
27. Rxc6 a4 28. bxa4 Rb8 29. g3 Rb2 30. a5 Rxa2 31. a6 h5 32. h4 Be7 33. Ne5
Bf6 34. Nf3 Bd8 35. Kf1 Bf6 36. Rd6 Be7 37. Rc6 Bf6 38. Rb6 Be7 39. Rc6 Bf6 40.
Ke1 Bd8 41. Nd4 Bf6 42. Nb5 Ra1+ 43. Ke2 Ra2+ 44. Kf3 Ra5 45. a7 Bd4 46. Nxd4
Rxa7 47. Ne2 f6 48. Nf4 Rf7 49. Rc5 Kh6 50. Rc8 g5 51. Rh8+ Kg7 52. Rxh5 gxf4
53. Kxf4 {Normal} 1-0

[Event "Rated Rapid tournament dBAtfuzz"]
[Site "?"]
[Date "2021.11.26"]
[Round "?"]
[White "MqRmI"]
[Black "Elkut"]
[Result "0-1"]
[WhiteElo "2236"]
[BlackElo "2402"]
[PlyCount "148"]
[EventDate "2021.??.??"]
[EventType "rapid"]

1. e4 e5 2. Nf3 d5 3. exd5 e4 4. Ne5 Nf6 5. d4 Bd6 6. Bc4 O-O 7. O-O c6 8. dxc6
Nxc6 9. Nxc6 bxc6 10. Nc3 Bg4 11. Qd2 Re8 12. Qg5 Bd7 13. h3 Rb8 14. Re1 Rc8
15. Bf4 Be7 16. Be5 h6 17. Qd2 Bf5 18. Ne2 Bf8 19. Ng3 Bg6 20. Rad1 Qe7 21. c3
Rcd8 22. Qe2 c5 23. Bxf6 Qxf6 24. Nh5 Bxh5 25. Qxh5 cxd4 26. cxd4 Bb4 27. Re2
Re7 28. Qb5 Bd6 29. Qa5 Bc7 30. Qc3 Qd6 31. g3 Bb6 32. Red2 e3 33. Re2 Bxd4 34.
Rxd4 Qxd4 35. Qxd4 Rxd4 36. b3 exf2+ 37. Rxf2 Kf8 38. Kg2 f6 39. a4 Red7 40. h4
Rd2 41. Rxd2 Rxd2+ 42. Kf3 Ke7 43. Kg4 g6 44. Kh3 f5 45. a5 Kf6 46. a6 g5 47.
hxg5+ hxg5 48. g4 f4 49. b4 Rb2 50. b5 Ke5 51. b6 Rxb6 52. Kg2 Kd4 53. Be2 Ke3
54. Bc4 Rb2+ 55. Kh3 f3 56. Kg3 Rg2+ 57. Kh3 Rc2 58. Bf1 Kf2 59. Bb5 Rc8 60.
Be8 Rd8 61. Bg6 Rh8+ 62. Bh5 Ke2 63. Kg3 f2 64. Bf7 f1=Q 65. Bc4+ Ke1 66. Bxf1
Kxf1 67. Kf3 Rb8 68. Ke4 Rb6 69. Kf5 Rxa6 70. Kxg5 Rc6 71. Kf5 a5 72. g5 a4 73.
g6 a3 74. g7 Rc8 {Normal} 0-1

[Event "Rated Blitz game"]
[Site "?"]
[Date "2021.11.26"]
[Round "?"]
[White "alina0220"]
[Black "Annali-annaliew1979"]
[Result "1-0"]
[WhiteElo "2671"]
[BlackElo "2477"]
[PlyCount "35"]
[EventDate "2021.??.??"]
[EventType "blitz"]

1. e4 e5 2. Nf3 d5 3. exd5 e4 4. Qe2 f5 5. d3 Nf6 6. dxe4 fxe4 7. Nc3 Bb4 8.
Qb5+ c6 9. Qxb4 exf3 10. gxf3 a5 11. Qh4 O-O 12. Bg5 h6 13. Bxf6 Rxf6 14. O-O-O
Qb6 15. d6 Bf5 16. Bc4+ Kh7 17. Ne4 Bxe4 18. Qxe4+ {Normal} 1-0

[Event "Rated Blitz tournament 6DwS2sUH"]
[Site "?"]
[Date "2021.11.26"]
[Round "?"]
[White "Brave_spirit12"]
[Black "HEISENBERG_1956"]
[Result "0-1"]
[WhiteElo "2362"]
[BlackElo "2526"]
[PlyCount "58"]
[EventDate "2021.??.??"]
[EventType "blitz"]

1. e4 e5 2. Nf3 d5 3. Nxe5 Bd6 4. d4 dxe4 5. Nc4 Nf6 6. Bg5 Be7 7. Nc3 O-O 8.
Qd2 Nc6 9. O-O-O Bf5 10. d5 Nb4 11. a3 Nbxd5 12. Bxf6 Nxf6 13. Qf4 Qc8 14. Be2
Re8 15. Rhg1 Be6 16. g4 c6 17. g5 Nd5 18. Nxd5 cxd5 19. Ne3 Rd8 20. h4 Qc5 21.
h5 d4 22. g6 dxe3 23. gxh7+ Kh8 24. fxe3 Rac8 25. c3 Bf6 26. h6 Bxc3 27. Rxd8+
Rxd8 28. hxg7+ Bxg7+ 29. Kb1 Qd5 {Normal} 0-1

[Event "Rated Blitz game"]
[Site "?"]
[Date "2021.11.26"]
[Round "?"]
[White "pupilo29"]
[Black "Maltinho"]
[Result "0-1"]
[WhiteElo "2460"]
[BlackElo "2640"]
[PlyCount "76"]
[EventDate "2021.??.??"]
[EventType "blitz"]

1. e4 e5 2. Nf3 d5 3. exd5 Bd6 4. d3 f5 5. c4 Nf6 6. Bg5 O-O 7. Nc3 h6 8. Bxf6
Qxf6 9. Be2 c5 10. O-O a6 11. Re1 Nd7 12. Bf1 g5 13. h3 Qg6 14. Nh2 h5 15. Qd2
g4 16. Kh1 Nf6 17. h4 f4 18. Ne4 Nxe4 19. dxe4 g3 20. Nf3 Bg4 21. Ng5 Be7 22.
fxg3 Bxg5 23. hxg5 Qxg5 24. Be2 Bxe2 25. Rxe2 Qxg3 26. Rf1 Rad8 27. Rf3 Qg4 28.
Qc3 Qg5 29. Ref2 h4 30. b4 b6 31. bxc5 bxc5 32. Qa5 Qg6 33. Re2 Qd6 34. Rh3 Rb8
35. Rxh4 Rb1+ 36. Re1 Rfb8 37. Qd2 Qg6 38. Qa5 Qg3 {Normal} 0-1

[Event "Rated Blitz game"]
[Site "?"]
[Date "2021.11.26"]
[Round "?"]
[White "lvlUIS10"]
[Black "Schachelite"]
[Result "0-1"]
[WhiteElo "2436"]
[BlackElo "2479"]
[PlyCount "24"]
[EventDate "2021.??.??"]
[EventType "blitz"]

1. e4 e5 2. Nf3 d5 3. Nxe5 Bd6 4. d4 dxe4 5. Bc4 Bxe5 6. dxe5 Qxd1+ 7. Kxd1 Nc6
8. Re1 Bg4+ 9. Be2 O-O-O+ 10. Bd2 Nxe5 11. Bxg4+ Nxg4 12. Rxe4 Nxf2+ {Normal}
0-1

[Event "Rated Blitz game"]
[Site "?"]
[Date "2021.11.26"]
[Round "?"]
[White "Alindsay"]
[Black "Annali-annaliew1979"]
[Result "1-0"]
[WhiteElo "2502"]
[BlackElo "2413"]
[PlyCount "125"]
[EventDate "2021.??.??"]
[EventType "blitz"]

1. e4 e5 2. Nf3 d5 3. exd5 e4 4. Nd4 c5 5. Nb3 f5 6. d3 Nf6 7. dxe4 fxe4 8. Nc3
Bd6 9. Bg5 Bf5 10. g4 Bxg4 11. Bxf6 Bxd1 12. Bxd8 Bf3 13. Rg1 Kxd8 14. Rxg7 Nd7
15. Nb5 Be5 16. Rxd7+ Kxd7 17. Nxc5+ Kd8 18. Nxb7+ Ke8 19. N7d6+ Kd7 20. Nc4
Bxh2 21. Bh3+ Ke7 22. d6+ Kf6 23. Nc7 Rag8 24. Nd5+ Kf7 25. Kd2 Rg5 26. Nde3
Rd8 27. d7 Bf4 28. Kc3 Rc5 29. b4 Be5+ 30. Kb3 Rxc4 31. Nxc4 Bxa1 32. c3 h5 33.
Ne5+ Kf8 34. Nc6 Rxd7 35. Bxd7 Bd1+ 36. Kc4 Bb2 37. Kd4 Bc2 38. Nxa7 Ke7 39.
Bh3 Kf6 40. Nb5 Bc1 41. Nd6 Kg5 42. Nxe4+ Kh4 43. Bc8 Bf4 44. a4 Bxa4 45. c4
Bb8 46. c5 Bb5 47. Nc3 Be8 48. b5 Kg5 49. c6 Ba7+ 50. Kd5 Bxf2 51. Ne4+ Kf4 52.
Nxf2 Kf3 53. Nh3 Bf7+ 54. Kd6 Kg3 55. b6 Bg6 56. b7 Be4 57. b8=Q Bf3 58. Ke6+
Kh4 59. Kf6 Bg4 60. Bxg4 hxg4 61. Ng1 g3 62. Qf4+ Kh5 63. Qg5# {Normal} 1-0

[Event "Rated Rapid game"]
[Site "?"]
[Date "2021.11.26"]
[Round "?"]
[White "WannaBeMaster101"]
[Black "ZANE01"]
[Result "1-0"]
[WhiteElo "2439"]
[BlackElo "2411"]
[PlyCount "59"]
[EventDate "2021.??.??"]
[EventType "rapid"]

1. e4 e5 2. Nf3 d5 3. exd5 e4 4. Qe2 Nf6 5. Nc3 Be7 6. Nxe4 O-O 7. d3 Qxd5 8.
Nc3 Qa5 9. Be3 Bb4 10. Bd2 Re8 11. Ne4 Bxd2+ 12. Qxd2 Qf5 13. O-O-O Nxe4 14.
dxe4 Qxe4 15. Bb5 Rf8 16. Rhe1 Qg4 17. Re8 g6 18. Rxf8+ Kxf8 19. Qh6+ Ke7 20.
Qe3+ Kf8 21. Qh6+ Ke7 22. Qe3+ Kf8 23. h3 Qf5 24. Rd8+ Kg7 25. Qe8 Nc6 26. Qf8+
Kf6 27. Qh8+ Ke7 28. Re8+ Kd6 29. Qf8+ Kd5 30. c4# {Normal} 1-0

[Event "Rated Blitz game"]
[Site "?"]
[Date "2021.11.26"]
[Round "?"]
[White "jarick-5"]
[Black "Tamrik2"]
[Result "0-1"]
[WhiteElo "2449"]
[BlackElo "2462"]
[PlyCount "34"]
[EventDate "2021.??.??"]
[EventType "blitz"]

1. e4 e5 2. Nf3 d5 3. Nxe5 dxe4 4. Bc4 Qg5 5. d4 Qxg2 6. Bf1 Qxh1 7. Qe2 Nc6 8.
Nxc6 bxc6 9. Bg5 Be7 10. h4 Bh3 11. Nd2 Bxf1 12. Nxf1 Nf6 13. O-O-O O-O 14. Ne3
Qf3 15. Qxf3 exf3 16. d5 Nxd5 17. Bxe7 Nxe7 {Normal} 0-1

[Event "Rated Blitz game"]
[Site "?"]
[Date "2021.11.26"]
[Round "?"]
[White "Taltiger"]
[Black "Peter0628"]
[Result "1-0"]
[WhiteElo "2400"]
[BlackElo "2443"]
[PlyCount "65"]
[EventDate "2021.??.??"]
[EventType "blitz"]

1. e4 e5 2. Nf3 d5 3. Nxe5 dxe4 4. Nc3 Nc6 5. Nxc6 bxc6 6. Nxe4 Nf6 7. Nxf6+
Qxf6 8. d3 Bc5 9. Be3 Bxe3 10. fxe3 Qxb2 11. Be2 O-O 12. O-O Be6 13. Bf3 Qe5
14. Qd2 c5 15. Bxa8 Rxa8 16. e4 Rd8 17. Qf2 c4 18. Rad1 cxd3 19. cxd3 a5 20.
Kh1 h5 21. h3 a4 22. Qe3 g6 23. d4 Qa5 24. d5 Bc8 25. Qf4 Rf8 26. Rf3 Ba6 27.
e5 Be2 28. Rfd3 Bxd3 29. Rxd3 Qe1+ 30. Kh2 Re8 31. Re3 Qd1 32. Qxa4 Rd8 33.
Qxd1 {Normal} 1-0

[Event "Rated Blitz tournament dnkh9oPc"]
[Site "?"]
[Date "2021.11.26"]
[Round "?"]
[White "Euis_LuspikaD"]
[Black "sugeng-prasetyo"]
[Result "0-1"]
[WhiteElo "2350"]
[BlackElo "2627"]
[PlyCount "74"]
[EventDate "2021.??.??"]
[EventType "blitz"]

1. e4 e5 2. Nf3 d5 3. exd5 Qxd5 4. Nc3 Qa5 5. Bc4 Nc6 6. O-O Be7 7. a3 Nf6 8.
d4 e4 9. Ng5 Bg4 10. Bxf7+ Kf8 11. Qd2 h6 12. d5 hxg5 13. dxc6 Qe5 14. h3 Kxf7
15. cxb7 Rad8 16. Qxg5 Qxg5 17. Bxg5 Bf5 18. Nb5 Rb8 19. Nxc7 Rxb7 20. Bxf6
Bxf6 21. Nd5 Bxb2 22. Rab1 Rhb8 23. Rfd1 Bxa3 24. Rxb7+ Rxb7 25. g4 Be6 26. Nc3
Rb4 27. Ra1 Bb2 28. Rxa7+ Kg8 29. Ne2 Bc4 30. Nf4 Bd4 31. Re7 Rb1+ 32. Kg2 Bf1+
33. Kg3 Re1 34. Ne6 Be5+ 35. f4 exf3+ 36. Kxf3 Bf6 37. Kf2 Bh4+ {Normal} 0-1

[Event "Rated Blitz game"]
[Site "?"]
[Date "2021.11.26"]
[Round "?"]
[White "absh71"]
[Black "Tengo1000cuentas"]
[Result "0-1"]
[WhiteElo "2412"]
[BlackElo "2298"]
[PlyCount "64"]
[EventDate "2021.??.??"]
[EventType "blitz"]

1. e4 e5 2. Nf3 d5 3. d3 Bd6 4. Nc3 Nf6 5. Nxd5 O-O 6. Nxf6+ Qxf6 7. Be2 Nc6 8.
O-O Bg4 9. c3 Qg6 10. Nh4 Bxe2 11. Qxe2 Qe6 12. Nf5 Bc5 13. Be3 Be7 14. Qg4 Bf6
15. Bg5 Kh8 16. Qh4 Rad8 17. Rad1 Rd7 18. f4 Rfd8 19. fxe5 Nxe5 20. d4 Ng6 21.
Qg4 Re8 22. Bxf6 gxf6 23. Rfe1 c5 24. h4 Rg8 25. Qf3 cxd4 26. cxd4 Ne7 27. d5
Qe5 28. Nh6 Rg7 29. Rc1 Rd8 30. Ng4 Qh5 31. Nxf6 Qxf3 32. Rc2 Qxf6 {Normal} 0-1

[Event "Rated Blitz game"]
[Site "?"]
[Date "2021.11.26"]
[Round "?"]
[White "Abbas79"]
[Black "ALJoNN"]
[Result "0-1"]
[WhiteElo "2223"]
[BlackElo "2416"]
[PlyCount "96"]
[EventDate "2021.??.??"]
[EventType "blitz"]

1. e4 e5 2. Nf3 d5 3. Nxe5 dxe4 4. d4 Bd6 5. Be2 Bxe5 6. dxe5 Qxd1+ 7. Bxd1 Nc6
8. Bf4 Nge7 9. Nd2 Ng6 10. Bg3 Ncxe5 11. Nxe4 Bf5 12. Nc3 O-O-O 13. O-O Rd2 14.
Re1 f6 15. Ne4 Rd4 16. f3 Rhd8 17. c3 R4d7 18. Ba4 Rd5 19. Bb3 Bxe4 20. Rxe4
Rd2 21. Ra4 a6 22. Be6+ Kb8 23. b3 Rc2 24. Rd4 Re8 25. Bf5 Rxc3 26. Rad1 Re7
27. Bf2 b6 28. Be4 c6 29. Rd8+ Kc7 30. h4 Rd7 31. R8xd7+ Nxd7 32. Bxg6 hxg6 33.
Bg3+ Kc8 34. Re1 Kd8 35. Re6 a5 36. Rd6 Ke7 37. Kh2 Rc2 38. a3 b5 39. b4 axb4
40. axb4 Rc4 41. Kh3 Rxb4 42. Rxc6 Ne5 43. Rc7+ Kf8 44. Bxe5 fxe5 45. Rc8+ Kf7
46. Rc7+ Kg8 47. Rb7 Rb2 48. g4 b4 {Time forfeit} 0-1